Alvin Ho: Allergic to Babies, Burglars, and Other Bumps in the Night (Record no. 4831)

MARC details
000 -LEADER
fixed length control field 01054nam a22003017a 4500
001 - CONTROL NUMBER
control field 4831
003 - CONTROL NUMBER IDENTIFIER
control field FISKH
005 - DATE AND TIME OF LATEST TRANSACTION
control field 20241017111817.0
008 - FIXED-LENGTH DATA ELEMENTS--GENERAL INFORMATION
fixed length control field 241017b cb ||||| |||| 00| 0 eng d
020 ## - INTERNATIONAL STANDARD BOOK NUMBER
International Standard Book Number 9780385386005
040 ## - CATALOGING SOURCE
Original cataloging agency FISKH
Language of cataloging eng
Transcribing agency FISKH
Modifying agency FISKH
050 ## - LIBRARY OF CONGRESS CALL NUMBER
Classification number PZ7.L8682
082 ## - DEWEY DECIMAL CLASSIFICATION NUMBER
Classification number 457
100 ## - MAIN ENTRY--PERSONAL NAME
Personal name Look, Lenore
245 ## - TITLE STATEMENT
Title Alvin Ho: Allergic to Babies, Burglars, and Other Bumps in the Night
Statement of responsibility, etc. by Lenore Look : Picture by Leuyen Pham
250 ## - EDITION STATEMENT
Edition statement First yearling Edition 2014
260 ## - PUBLICATION, DISTRIBUTION, ETC.
Place of publication, distribution, etc. New York :
Name of publisher, distributor, etc. Random House ;
Date of publication, distribution, etc. 2013 .
300 ## - PHYSICAL DESCRIPTION
Extent 183 pages :
Other physical details illustrations ;
Dimensions 20 cm .
490 ## - SERIES STATEMENT
Series statement Alvin Ho
Volume/sequential designation Book 5
505 ## - FORMATTED CONTENTS NOTE
Formatted contents note N <br/>
520 ## - SUMMARY, ETC.
Summary, etc. When fearful seven-year-old Alvin Ho learns that his mother is expecting a baby, he develops a sympathetic pregnancy--adding to his worry about the burglar who is targeting Concord, Massachusetts.
521 8# - TARGET AUDIENCE NOTE
Target audience note 580 <br/>
Source Lexile <br/>
521 8# - TARGET AUDIENCE NOTE
Target audience note N <br/>
Source Raz-Plus <br/>
650 ## - SUBJECT ADDED ENTRY--TOPICAL TERM
Topical term or geographic name entry element fear
Form subdivision fiction
700 ## - ADDED ENTRY--PERSONAL NAME
Personal name Pham, LeUyen
Relator term illustrator
942 ## - ADDED ENTRY ELEMENTS (KOHA)
Source of classification or shelving scheme Dewey Decimal Classification
Koha item type Books
Suppress in OPAC No
Holdings
Withdrawn status Lost status Source of classification or shelving scheme Damaged status Not for loan Collection Home library Current library Shelving location Date acquired Total Checkouts Full call number Barcode Date last seen Price effective from Koha item type
    Dewey Decimal Classification     Juvenile Fiction Footprints International School Library Network Toul Kork Campus Footprints International School Library Network Toul Kork Campus TTP Primary Yellow Bookshelves 10/17/2024   LOO 457 PZ7.L8682 FISO5332 10/17/2024 10/17/2024 Books